[Event "Llinars del Valles op 11th B"]
[Site "Llinars del Valles"]
[Date "2017.05.27"]
[Round "6.4"]
[White "Xifra Tome, Bernat"]
[Black "Ruiz Lupon, Javier"]
[Result "1-0"]
[WhiteElo "1403"]
[BlackElo "1636"]
[PlyCount "51"]
[EventDate "2017.04.22"]
[EventType "swiss"]
[EventRounds "9"]
[EventCountry "ESP"]
[SourceTitle "EXT 2024"]
[Source "ChessBase"]
[SourceDate "2023.10.10"]
[SourceVersion "1"]
[SourceVersionDate "2023.10.10"]
[SourceQuality "1"]

1. e4 e6 2. Qe2 Nf6 3. d4 d5 4. exd5 Nxd5 5. c4 Nf6 6. Nf3 Be7 7. g3 0-0 8. Bg2 c5 9. Be3 Nc6 10. dxc5 Qa5+ 11. Qd2 Ne4 12. Qxa5 Nxa5 13. Nbd2 Nxd2 14. Nxd2 Rb8 15. 0-0 Bd7 16. Rfd1 Rbc8 17. b4 Nc6 18. Nb3 Rfd8 19. b5 Ne5 20. Bxb7 Rb8 21. c6 Bc8 22. c7 Rxd1+ 23. Rxd1 Rxb7 24. Rd8+ Bf8 25. Rxc8 Nxc4 26. Rxf8+ 1-0